[Event "ch-city  open-A"]
[Site "Warszawa"]
[Date "2011.05.13"]
[Round "7.3"]
[White "Eggink, Ryszard"]
[Black "Deszczynski, Adam"]
[Result "0-1"]
[WhiteElo "1914"]
[BlackElo "2366"]
[PlyCount "66"]
[EventDate "2011.05.07"]

1. e4 c5 2. Nf3 d6 3. d4 cxd4 4. Qxd4 a6 5. Bg5 Nc6 6. Qd2 h6 7. Bh4 Nf6 8.
Bxf6 gxf6 9. Nc3 e6 10. O-O-O h5 11. Kb1 Bd7 12. g3 Be7 13. Nh4 Qc7 14. f4
O-O-O 15. Be2 Kb8 16. Rhe1 Bc8 17. Qe3 Qa5 18. Nd5 exd5 19. exd5 Ne5 20. fxe5
fxe5 21. Qe4 Bxh4 22. Qxh4 f5 23. Rf1 Rdg8 24. Bd3 Rf8 25. c4 f4 26. Rf2 fxg3
27. Qxg3 Qc5 28. Rdf1 Rfg8 29. Qh4 Rg4 30. Qf6 Rhg8 31. Be2 Rg1 32. a3 R8g2 33.
Rxg1 Rxf2 0-1

[Event "ch-city  open-A"]
[Site "Warszawa"]
[Date "2011.05.13"]
[Round "7.5"]
[White "Adamski, Andrzej"]
[Black "Sznapik, Aleksander"]
[Result "1/2-1/2"]
[WhiteElo "2270"]
[BlackElo "2422"]
[PlyCount "91"]
[EventDate "2011.05.07"]

1. e4 g6 2. d4 Bg7 3. Nc3 d6 4. Be3 c6 5. Qd2 b5 6. a4 b4 7. Nd1 a5 8. Bd3 Nd7
9. c3 bxc3 10. bxc3 Ngf6 11. Bh6 O-O 12. h4 e5 13. f3 Re8 14. Ne2 d5 15. Bxg7
Kxg7 16. Nf2 Ba6 17. O-O Qe7 18. Bxa6 Rxa6 19. Ng3 h6 20. h5 Nxh5 21. Nxh5+
gxh5 22. Rae1 Qg5 23. Qe2 Rb6 24. Nd3 exd4 25. cxd4 Nf8 26. Ne5 Ne6 27. f4 Nxf4
28. Rxf4 Qxf4 29. Rf1 Qg5 30. Rxf7+ Kg8 31. Qf1 Rb2 32. Rf6 Rxe5 33. dxe5 Rb8
34. Rf5 Qe3+ 35. Kh2 Qxe4 36. Qf2 d4 37. Rxh5 Rf8 38. Qg3+ Kh7 39. Rh4 Qf5 40.
Rxd4 Rg8 41. Qd3 Qxd3 42. Rxd3 Re8 43. Rd7+ Kg6 44. Rd6+ Kg5 45. e6 Kf6 46. e7+
1/2-1/2

[Event "ch-city  open-A"]
[Site "Warszawa"]
[Date "2011.05.13"]
[Round "7.6"]
[White "Alvarado, Carlos"]
[Black "Przezdziecka, Marta"]
[Result "1/2-1/2"]
[WhiteElo "2203"]
[BlackElo "2245"]
[PlyCount "111"]
[EventDate "2011.05.07"]

1. d4 Nf6 2. c4 g6 3. Nc3 d5 4. Bf4 Bg7 5. e3 O-O 6. Nf3 c5 7. dxc5 Qa5 8. Rc1
Nbd7 9. cxd5 Nxc5 10. Be5 Rd8 11. Qd2 Nxd5 12. Bxg7 Kxg7 13. Nxd5 Qxd2+ 14.
Nxd2 Rxd5 15. Bc4 $11 Rd6 16. Nf3 Be6 17. O-O Rad8 18. h3 a6 19. b3 Bxc4 20.
Rxc4 Ne6 21. Rfc1 Rd1+ 22. Kh2 Rxc1 23. Rxc1 Rd5 24. Kg1 f5 25. Kf1 Kf6 26. Ke2
Rc5 27. Rd1 Rc2+ 28. Rd2 Rc1 29. Rd1 Rxd1 30. Kxd1 Nc5 31. Nd2 Nd3 32. f3 e5
33. a3 Ke6 34. Ke2 Nc5 35. b4 Nd7 36. h4 Kd5 37. Kd3 e4+ 38. Kc3 Ne5 39. a4 b5
40. axb5 axb5 41. Kb3 h6 42. Kc3 g5 43. hxg5 hxg5 44. fxe4+ fxe4 45. Nb3 Nc4
46. Nd4 Nxe3 47. Nxb5 Nxg2 48. Nd4 g4 49. Ne2 Nh4 50. Ng3 Ng6 51. b5 Ne5 52.
Nf5 Kc5 53. Kd2 Nc4+ 54. Ke2 Kxb5 55. Ng3 Nd6 56. Ke3 1/2-1/2

[Event "ch-city  open-A"]
[Site "Warszawa"]
[Date "2011.05.13"]
[Round "7.8"]
[White "Nguyen, Piotr"]
[Black "Grochulski, Grzegorz"]
[Result "1-0"]
[WhiteElo "2397"]
[BlackElo "2057"]
[PlyCount "75"]
[EventDate "2011.05.07"]

1. d4 Nf6 2. c4 e6 3. Nf3 c5 4. d5 exd5 5. cxd5 d6 6. Nc3 g6 7. e4 Bg7 8. h3
O-O 9. Bd3 a6 10. a4 Nbd7 11. O-O Nh5 12. Bg5 Bf6 13. Bh6 Re8 14. Be2 Rb8 15.
Nd2 Ng7 16. Bf4 Ne5 17. Bh2 g5 18. f4 gxf4 19. Bxf4 Bd7 20. a5 b5 21. axb6 Rxb6
22. Ra2 Bb5 23. Bxb5 axb5 24. Qe2 b4 25. Nd1 b3 26. Ra3 Qb8 27. Bh6 Be7 28. Ne3
Bf8 29. Qf2 Qb7 30. Qg3 Ng6 31. Ng4 Re7 32. Nc4 Rb4 33. Na5 Qb6 34. Nc6 Rb7 35.
Ra8 c4+ 36. Be3 Qc7 37. Nf6+ Kh8 38. Qxg6 1-0

[Event "ch-city  open-A"]
[Site "Warszawa"]
[Date "2011.05.13"]
[Round "7.9"]
[White "Olejarczyk, Bogdan"]
[Black "Liberadzki, Slawomir"]
[Result "1/2-1/2"]
[WhiteElo "2120"]
[BlackElo "2050"]
[PlyCount "183"]
[EventDate "2011.05.07"]

1. d4 d5 2. Nf3 Nf6 3. c4 e6 4. Nc3 c5 5. e3 Nc6 6. cxd5 Nxd5 7. Bb5 Nxc3 8.
bxc3 cxd4 9. exd4 Bd7 10. Bd3 Be7 11. O-O O-O 12. Qe2 Bf6 13. Be3 Qc7 14. h4
Ne7 15. Bg5 Bxg5 16. Nxg5 g6 17. Rac1 Nd5 18. g3 Nf6 19. Qf3 Kg7 20. Ne4 Nxe4
21. Bxe4 Bc6 22. c4 Bxe4 23. Qxe4 Rfd8 24. d5 exd5 25. cxd5 Qa5 26. Rfd1 Rd7
27. Qd4+ Kg8 28. Rc5 Qd8 29. d6 Qf8 30. h5 Rad8 31. Rd5 Qg7 32. Qxa7 gxh5 33.
Qc5 h6 34. Rxh5 Qg6 35. Rhd5 Re8 36. R5d4 Kh7 37. Qc4 Re6 38. Rg4 Qf6 39. Rf4
Qg6 40. Kg2 b6 41. a4 Rexd6 42. Rxd6 Qxd6 43. Rxf7+ Rxf7 44. Qxf7+ Kh8 45. Qe8+
Kg7 46. Qe4 Qc5 47. f4 Kf6 48. Kh3 Qh5+ 49. Kg2 Qc5 50. g4 Qa5 51. Qd4+ Kf7 52.
Qd7+ Kf6 53. Qc6+ Kg7 54. Kf3 Qb4 55. Qd7+ Kg6 56. Qe6+ Kg7 57. Qe5+ Kf7 58.
Qf5+ Kg7 59. Qc2 Qa3+ 60. Ke4 Qe7+ 61. Kf3 Qa3+ 62. Kg2 Qb4 63. Qc7+ Kf6 64.
Qc6+ Kg7 65. Kg3 Qa3+ 66. Kh4 Qe7+ 67. g5 hxg5+ 68. fxg5 Qe1+ 69. Kg4 Qg1+ 70.
Kf5 Qf2+ 71. Ke5 Qe3+ 72. Kd6 Qf4+ 73. Kd7 Qxg5 74. Kc7 Qa5 75. Kb7 Kf8 76. Qb5
Qd2 77. Kxb6 Qd8+ 78. Kb7 Qe7+ 79. Ka6 Qd6+ 80. Qb6 Qd3+ 81. Qb5 Qd6+ 82. Kb7
Qe7+ 83. Kc8 Qe6+ 84. Qd7 Qa6+ 85. Kb8 Qb6+ 86. Qb7 Qd6+ 87. Ka8 Qc5 88. Qb8+
Ke7 89. Qa7+ Kd6 90. Qb8+ Kc6 91. Qc8+ Kb6 92. Qxc5+ 1/2-1/2

[Event "ch-city  open-A"]
[Site "Warszawa"]
[Date "2011.05.13"]
[Round "7.10"]
[White "Nowicki, Bartosz"]
[Black "Kaliszewski, Tomasz"]
[Result "1-0"]
[WhiteElo "2138"]
[BlackElo "2056"]
[PlyCount "73"]
[EventDate "2011.05.07"]

1. e4 e5 2. f4 exf4 3. Bc4 Qh4+ 4. Kf1 g5 5. Nf3 Qh5 6. d4 d6 7. Nc3 c6 8. h4
f6 9. Kg1 g4 10. Ne1 Bh6 11. Nd3 f3 12. g3 Ne7 13. Nf4 Bxf4 14. Bxf4 b5 15. Bb3
a5 16. a3 Kd7 17. e5 Ng6 18. Ne4 Rf8 19. e6+ Kd8 20. Bxd6 Ne7 21. d5 cxd5 22.
Bxd5 Nxd5 23. Bxf8 Bxe6 24. Qd3 Qe5 25. Bd6 Qf5 26. Rd1 Nd7 27. Nc5 N7b6 28.
Nxe6+ Qxe6 29. Bc5 Kc7 30. Qxb5 Re8 31. Bf2 Qc6 32. Bxb6+ Qxb6+ 33. Qxb6+ Nxb6
34. c4 Kc6 35. Rh2 Nxc4 36. Rc2 Re4 37. b3 1-0

[Event "ch-city  open-A"]
[Site "Warszawa"]
[Date "2011.05.13"]
[Round "7.11"]
[White "Winiarski, Mikolaj Olaf"]
[Black "Sielicki, Tomasz"]
[Result "1/2-1/2"]
[WhiteElo "1857"]
[BlackElo "2026"]
[PlyCount "67"]
[EventDate "2011.05.07"]

1. d4 d6 2. e4 g6 3. c4 Bg7 4. Nc3 c5 5. d5 e5 6. g4 a6 7. Be3 Nf6 8. h3 h5 9.
g5 Nh7 10. Nf3 Nd7 11. Be2 f6 12. gxf6 Bxf6 13. Qd2 Ndf8 14. O-O-O Bd7 15. Rdg1
Qc8 16. Ng5 Bxg5 17. Bxg5 Nxg5 18. Qxg5 Qd8 19. f4 Qxg5 20. Rxg5 exf4 21. Rf1
Bxh3 22. Rxf4 Rh7 23. e5 dxe5 24. Rxe5+ Re7 25. Rxe7+ Kxe7 26. Ne4 b6 27. d6+
Ke8 28. Nf6+ Kd8 29. Nd5 Ne6 30. Rf6 Rb8 31. Rxg6 Kd7 32. Bxh5 Kxd6 33. Rh6 Ke5
34. Bf7 1/2-1/2

[Event "ch-city  open-A"]
[Site "Warszawa"]
[Date "2011.05.13"]
[Round "7.13"]
[White "Potocki, Karol"]
[Black "Szymczak, Rafal"]
[Result "1/2-1/2"]
[WhiteElo "1894"]
[BlackElo "2102"]
[PlyCount "21"]
[EventDate "2011.05.07"]

1. e4 c6 2. d4 d5 3. exd5 cxd5 4. Bd3 Nc6 5. c3 g6 6. h3 Bg7 7. Nf3 Bf5 8. O-O
Nf6 9. Re1 Bxd3 10. Qxd3 O-O 11. Nbd2 $11 1/2-1/2

[Event "ch-city  open-A"]
[Site "Warszawa"]
[Date "2011.05.13"]
[Round "7.15"]
[White "Eggink, Mateusz"]
[Black "Sujkowski, Pawel"]
[Result "0-1"]
[WhiteElo "1973"]
[BlackElo "2000"]
[PlyCount "80"]
[EventDate "2011.05.07"]

1. e4 e6 2. d4 d5 3. Nc3 Bb4 4. e5 c5 5. Bd2 Ne7 6. Nb5 Bxd2+ 7. Qxd2 O-O 8.
dxc5 Nd7 9. f4 Nxc5 10. O-O-O Ne4 11. Qe1 Bd7 12. Nf3 Bxb5 13. Bxb5 Qb6 14. Nd4
Nc6 15. Bxc6 bxc6 16. c3 a5 17. Qe2 a4 18. Qc2 c5 19. Nf3 c4 20. Rhe1 a3 21.
Rxe4 dxe4 22. Nd4 Qxb2+ 23. Qxb2 axb2+ 24. Kxb2 Rfb8+ 25. Ka1 Ra3 26. Rc1 Rb6
27. Ne2 f6 28. exf6 gxf6 29. Rd1 Rba6 30. Rd2 Kf7 31. g4 Ke7 32. Rc2 f5 33.
gxf5 exf5 34. Nd4 Kf6 35. Nb5 R3a5 36. Nd4 Rb6 37. Rg2 Rb7 38. Nc6 Rd5 39. a4
Rd1+ 40. Ka2 e3 0-1

[Event "ch-city  open-A"]
[Site "Warszawa"]
[Date "2011.05.14"]
[Round "8.1"]
[White "Deszczynski, Adam"]
[Black "Strzemiecki, Zbigniew"]
[Result "1/2-1/2"]
[WhiteElo "2366"]
[BlackElo "2422"]
[PlyCount "58"]
[EventDate "2011.05.07"]

1. e4 e6 2. d4 d5 3. Nc3 Nf6 4. Bg5 dxe4 5. Nxe4 Be7 6. Nxf6+ Bxf6 7. Bxf6 Qxf6
8. Nf3 O-O 9. Qd2 b6 10. O-O-O Bb7 11. Ne5 Rd8 12. Qe3 Nd7 13. Bd3 Nxe5 14.
dxe5 Qh4 15. f3 c5 16. g3 Qe7 17. Be4 Bd5 18. c4 Bxc4 19. Bxh7+ Kxh7 20. Qe4+
Kg8 21. Qxc4 Qb7 22. Qe2 Rd5 23. f4 Rad8 24. Rhe1 Rd4 25. Rxd4 cxd4 26. Qd3 Qd5
27. Kb1 g6 28. h4 Kf8 29. Rc1 Kg7 $11 1/2-1/2

[Event "ch-city  open-A"]
[Site "Warszawa"]
[Date "2011.05.14"]
[Round "8.2"]
[White "Sznapik, Aleksander"]
[Black "Leniart, Arkadiusz"]
[Result "0-1"]
[WhiteElo "2422"]
[BlackElo "2444"]
[PlyCount "82"]
[EventDate "2011.05.07"]

1. e4 c5 2. Nf3 d6 3. d4 cxd4 4. Nxd4 Nf6 5. Nc3 a6 6. f4 Qc7 7. Bd3 e6 8. Qe2
Nbd7 9. g4 Nc5 10. g5 Nfd7 11. Bd2 b5 12. b4 Nxd3+ 13. cxd3 Bb7 14. Rc1 Qd8 15.
O-O Be7 16. f5 exf5 17. exf5 O-O 18. f6 Nxf6 19. gxf6 Bxf6 20. Nf5 Re8 21. Qf2
Qd7 22. Qg3 Re6 23. Ne4 Be5 24. Qf3 Rf8 25. Bc3 Rg6+ 26. Kh1 Bxc3 27. Rxc3 Kh8
28. h4 Rf6 29. Kh2 Qe6 30. Qf4 Bxe4 31. Qxe4 g6 32. Ng3 Rxf1 33. Nxf1 Qxa2+ 34.
Kg3 Qa1 35. Qd4+ Kg8 36. Qf6 a5 37. Ne3 axb4 38. Nd5 Qg1+ 39. Kf4 Qf2+ 40. Kg5
Qd2+ 41. Kg4 Qg2+ 0-1

[Event "ch-city  open-A"]
[Site "Warszawa"]
[Date "2011.05.14"]
[Round "8.3"]
[White "Grabarczyk, Miroslaw"]
[Black "Przedmojski, Rafal"]
[Result "1-0"]
[WhiteElo "2445"]
[BlackElo "2370"]
[PlyCount "47"]
[EventDate "2011.05.07"]

1. d4 Nf6 2. Nf3 c5 3. c4 cxd4 4. Nxd4 b6 5. Nc3 Bb7 6. f3 e6 7. e4 d6 8. Be3
a6 9. Be2 Nbd7 10. O-O Be7 11. a4 O-O 12. a5 Rb8 13. axb6 Nxb6 14. Qd2 Qc7 15.
Rfc1 Rfc8 16. Nb3 Qd8 17. Na5 Ba8 18. c5 dxc5 19. Bxa6 Rc7 20. Qxd8+ Bxd8 21.
Nb5 Nbd7 22. b4 Rc6 23. Nxc6 Bxc6 24. Na7 1-0

[Event "ch-city  open-A"]
[Site "Warszawa"]
[Date "2011.05.14"]
[Round "8.4"]
[White "Kukawski, Maciej"]
[Black "Alvarado, Carlos"]
[Result "1/2-1/2"]
[WhiteElo "2328"]
[BlackElo "2203"]
[PlyCount "53"]
[EventDate "2011.05.07"]

1. e4 e5 2. Nf3 Nf6 3. Nc3 Bb4 4. Nxe5 O-O 5. Be2 Re8 6. Nd3 Bxc3 7. dxc3 Nxe4
8. Nf4 d6 9. O-O Nd7 10. f3 Nef6 11. b3 Nc5 12. Bb2 Qe7 13. Rf2 Qe5 14. Qc1 Nh5
15. Nxh5 Qxh5 16. c4 a5 17. Qd2 Qg6 18. Bf1 Bf5 19. a3 b6 20. Kh1 h5 21. g3 Nd7
22. Bg2 Re7 23. Bc3 Rae8 24. Rg1 Nf6 25. Bf1 Re3 26. Bd4 R3e7 27. Bc3 $11
1/2-1/2

[Event "ch-city  open-A"]
[Site "Warszawa"]
[Date "2011.05.14"]
[Round "8.5"]
[White "Przezdziecka, Marta"]
[Black "Nurkiewicz, Maciej"]
[Result "1-0"]
[WhiteElo "2245"]
[BlackElo "2417"]
[PlyCount "75"]
[EventDate "2011.05.07"]

1. d4 Nf6 2. c4 g6 3. Nc3 Bg7 4. e4 d6 5. f3 O-O 6. Be3 e5 7. d5 Nh5 8. Qd2 f5
9. O-O-O a5 10. Nge2 Na6 11. Kb1 Nc5 12. Nc1 Bd7 13. Bd3 a4 14. Bc2 Qb8 15. Nd3
b6 16. Nb4 Qb7 17. exf5 gxf5 18. Bh6 Rf6 19. Bxg7 Nxg7 20. g4 fxg4 21. fxg4
Raf8 22. h3 Rf4 23. Nc6 Kh8 24. Nxa4 Bxc6 25. dxc6 Qxc6 26. Nc3 Nge6 27. Nd5
Rf2 28. Qh6 e4 29. Rhe1 Rxc2 30. Kxc2 Qa4+ 31. Kb1 Qxc4 32. Ne3 Qa4 33. Rf1 Qe8
34. Rf6 Rg8 35. Rdf1 Qb5 36. Rf7 Qd3+ 37. Kc1 Ng7 38. Rxg7 1-0

[Event "ch-city  open-A"]
[Site "Warszawa"]
[Date "2011.05.14"]
[Round "8.6"]
[White "Gluszko, Monika"]
[Black "Nguyen, Piotr"]
[Result "0-1"]
[WhiteElo "2040"]
[BlackElo "2397"]
[PlyCount "52"]
[EventDate "2011.05.07"]

1. e4 e6 2. d4 d5 3. Nc3 Nf6 4. Bg5 Be7 5. e5 Nfd7 6. h4 O-O 7. Bxe7 Qxe7 8. f4
c5 9. Nf3 Nc6 10. dxc5 f6 11. Qe2 Nxc5 12. O-O-O Bd7 13. g4 b5 14. Nxb5 Ne4 15.
Rg1 Nb4 16. Kb1 Bxb5 17. Qxb5 Rab8 18. Qa4 fxe5 19. Nxe5 Rxf4 20. Qa3 Qc5 21.
Rg2 Qd4 22. Nd3 Nxd3 23. Bxd3 Nc3+ 24. Kc1 Nxd1 25. Kxd1 Rf1+ 26. Ke2 Rbf8 0-1

[Event "ch-city  open-A"]
[Site "Warszawa"]
[Date "2011.05.14"]
[Round "8.7"]
[White "Adamski, Andrzej"]
[Black "Eggink, Ryszard"]
[Result "1/2-1/2"]
[WhiteElo "2270"]
[BlackElo "1914"]
[PlyCount "82"]
[EventDate "2011.05.07"]

1. e4 c5 2. Nf3 d6 3. d4 cxd4 4. Nxd4 Nf6 5. Nc3 a6 6. Be2 e5 7. Nb3 Be7 8. a4
Be6 9. g4 d5 10. f3 Nxg4 11. fxg4 Bh4+ 12. Kf1 Qb6 13. Bb5+ axb5 14. Qe2 d4 15.
Qxb5+ Qc6 16. Qxc6+ bxc6 17. Nd1 Bxg4 18. Nf2 Bf3 19. Rg1 Bxf2 20. Kxf2 Bxe4
21. Re1 f5 22. Nc5 O-O 23. c3 Na6 24. cxd4 exd4 25. Nxa6 Rxa6 26. Bd2 c5 27.
Rec1 Rd8 28. a5 Rg6 29. Rg1 Rxg1 30. Kxg1 Rb8 31. Bc1 Kf7 32. a6 Ke6 33. a7 Rc8
34. Bf4 Ba8 35. b3 g5 36. Bxg5 Rc7 37. Bf4 Rg7+ 38. Kf1 Rb7 39. Ra3 Kd5 40. Ke2
c4 41. bxc4+ Kxc4 1/2-1/2

[Event "ch-city  open-A"]
[Site "Warszawa"]
[Date "2011.05.14"]
[Round "8.8"]
[White "Olejarczyk, Bogdan"]
[Black "Zurkowski, Andrzej"]
[Result "1-0"]
[WhiteElo "2120"]
[BlackElo "2106"]
[PlyCount "133"]
[EventDate "2011.05.07"]

1. d4 d5 2. Nf3 Nf6 3. c4 e6 4. Nc3 c5 5. e3 cxd4 6. Nxd4 Nc6 7. cxd5 exd5 8.
Be2 Bb4 9. O-O O-O 10. a3 Ba5 11. b4 Bc7 12. Ncb5 Be5 13. Bb2 Re8 14. Rc1 Bd7
15. Nxc6 bxc6 16. Bxe5 Rxe5 17. Nd4 Qb6 18. Qc2 Rc8 19. Bf3 Ree8 20. Rfd1 a5
21. Qc5 Qxc5 22. Rxc5 axb4 23. axb4 Rb8 24. Nxc6 Bxc6 25. Rxc6 Rxb4 26. Rd6 h6
27. Bxd5 Nxd5 28. R6xd5 Re7 29. Kf1 Rbb7 30. g4 g6 31. Kg2 Kg7 32. Kg3 Ra7 33.
R1d4 Ra1 34. Rd1 Raa7 35. h4 Ra4 36. R1d4 Ra1 37. h5 gxh5 38. Rxh5 Re6 39. Rhd5
Rg6 40. Rd6 Rg1+ 41. Kf3 Rg5 42. Rf4 Rg6 43. Rd7 Rf6 44. Rxf6 Kxf6 45. Rd6+ Kg5
46. Rd5+ Kg6 47. Kf4 Ra1 48. Rd6+ Kg7 49. e4 Ra5 50. e5 Ra3 51. f3 Rb3 52. Ke4
Rb4+ 53. Kf5 Ra4 54. Rd7 Ra6 55. f4 Rb6 56. Rd6 Rb5 57. Ke4 Rb4+ 58. Rd4 Rb1
59. f5 Ra1 60. Kd5 Ra5+ 61. Kd6 Kf8 62. Rc4 Ra6+ 63. Rc6 Ra1 64. e6 fxe6 65.
Kxe6 Re1+ 66. Kf6 Ke8 67. Re6+ 1-0

[Event "ch-city  open-A"]
[Site "Warszawa"]
[Date "2011.05.14"]
[Round "8.9"]
[White "Liberadzki, Slawomir"]
[Black "Nowicki, Bartosz"]
[Result "0-1"]
[WhiteElo "2050"]
[BlackElo "2138"]
[PlyCount "88"]
[EventDate "2011.05.07"]

1. e4 d6 2. d4 g6 3. g3 Bg7 4. Bg2 Nf6 5. Ne2 O-O 6. O-O c5 7. c3 Qc7 8. h3 Nc6
9. Be3 cxd4 10. cxd4 Bd7 11. Nbc3 Rfc8 12. Rc1 Qb8 13. Kh2 b5 14. f4 b4 15. Nb1
a5 16. e5 Ne8 17. Nd2 Bh6 18. Nc4 Ra6 19. Qd3 Qb5 20. g4 d5 21. b3 dxc4 22.
bxc4 Qb8 23. d5 Nxe5 24. fxe5 Qxe5+ 25. Bf4 Bxf4+ 26. Nxf4 g5 27. Rce1 Qd6 28.
Be4 Nf6 29. Bf5 gxf4 30. g5 f3+ 31. Kh1 Bxf5 32. Qxf5 Nd7 33. Rxf3 Rf8 34. Rfe3
Nb6 35. Rxe7 Qg6 36. Qf4 Qd3 37. Rxf7 Qxh3+ 38. Kg1 Qc8 39. Ree7 Qc5+ 40. Kg2
Qxe7 41. Rxf8+ Qxf8 42. Qc7 Nc8 43. c5 Rg6 44. Qe5 Qe7 0-1

[Event "ch-city  open-A"]
[Site "Warszawa"]
[Date "2011.05.14"]
[Round "8.10"]
[White "Malec, Sebastian"]
[Black "Sielicki, Tomasz"]
[Result "1-0"]
[WhiteElo "2167"]
[BlackElo "2026"]
[PlyCount "71"]
[EventDate "2011.05.07"]

1. e4 e5 2. Nf3 Nc6 3. Bc4 Bc5 4. c3 Nf6 5. d4 exd4 6. e5 d5 7. Bb5 Ne4 8. cxd4
Bb6 9. Nc3 O-O 10. Be3 Bg4 11. Qc2 Bxf3 12. gxf3 Ng5 13. Bxc6 bxc6 14. O-O-O
Ne6 15. f4 f5 16. h4 Rb8 17. Ne2 Qd7 18. h5 Rf7 19. Ng3 Rbf8 20. Kb1 Kh8 21.
Rd3 Rb8 22. Rc1 Nd8 23. Qa4 g5 24. hxg6 hxg6 25. Rdd1 Rh7 26. Rh1 Rxh1 27.
Rxh1+ Kg7 28. Qd1 Nf7 29. Qg1 Rh8 30. Nh5+ Rxh5 31. Rxh5 Qe8 32. Rxf5 Nd6 33.
Rg5 Ne4 34. Rg4 Qf7 35. f3 Bxd4 36. fxe4 1-0

[Event "ch-city  open-A"]
[Site "Warszawa"]
[Date "2011.05.14"]
[Round "8.11"]
[White "Kaliszewski, Tomasz"]
[Black "Grochulski, Grzegorz"]
[Result "0-1"]
[WhiteElo "2056"]
[BlackElo "2057"]
[PlyCount "134"]
[EventDate "2011.05.07"]

1. e4 c5 2. Nf3 e6 3. d4 cxd4 4. Nxd4 a6 5. Nc3 Qc7 6. a3 d6 7. Be2 Nf6 8. Be3
Be7 9. O-O Nbd7 10. f4 b5 11. Bf3 Bb7 12. Qe2 Rc8 13. Rae1 Nb6 14. Bc1 O-O 15.
Kh1 Rfd8 16. Rd1 Bf8 17. g4 Nfd7 18. Bg2 Nc5 19. g5 Nba4 20. Nxa4 bxa4 21. Rde1
e5 22. fxe5 dxe5 23. Nf5 Ne6 24. c3 Rd7 25. Qg4 Qd8 26. Rd1 Rcc7 27. Be3 Rxd1
28. Rxd1 Rd7 29. Rf1 g6 30. Nh6+ Bxh6 31. gxh6 Rd3 32. Bc1 Qa8 33. Qe2 Qd8 34.
Be3 Bc6 35. Qf2 Qd7 36. Kg1 Bb5 37. Re1 Rd1 38. Bf1 Bc6 39. Bg2 Nf4 40. Bxf4
exf4 41. Bf3 Rxe1+ 42. Qxe1 Qh3 43. Qd1 Qxh6 44. Qd8+ Qf8 45. Qf6 Qc5+ 46. Kg2
Qb6 47. c4 h6 48. h4 Qb7 49. Qd4 Qe7 50. Qb6 Bxe4 51. Qb8+ Kg7 52. Qxf4 Bxf3+
53. Kxf3 Qb7+ 54. Ke3 Qb3+ 55. Kd4 Qxb2+ 56. Kd5 Qxa3 57. Qd4+ Kg8 58. c5 Qb3+
59. Kd6 a3 60. c6 Qb2 61. Qe4 Qf6+ 62. Kd7 a2 63. c7 a1=Q 64. c8=Q+ Kg7 65. Qc5
Qd1+ 66. Kc7 Qdd8+ 67. Kb7 Qd7+ 0-1

[Event "ch-city  open-A"]
[Site "Warszawa"]
[Date "2011.05.14"]
[Round "8.13"]
[White "Szymczak, Rafal"]
[Black "Piotrowski, Arkadiusz"]
[Result "0-1"]
[WhiteElo "2102"]
[BlackElo "1919"]
[PlyCount "76"]
[EventDate "2011.05.07"]

1. f4 d5 2. g3 h5 3. h3 e5 4. e3 Bd6 5. Qf3 e4 6. Qf2 f5 7. Nc3 c6 8. b3 Be7 9.
Bb2 Bf6 10. d4 Be6 11. O-O-O b5 12. Be2 Nd7 13. Qg2 Qe7 14. g4 hxg4 15. hxg4
Rxh1 16. Qxh1 fxg4 17. Qh5+ Bf7 18. Qxg4 Nh6 19. Qg2 O-O-O 20. Nh3 Nf5 21. Qg1
Rh8 22. Bg4 Nh6 23. Be2 Nf8 24. Nf2 Be6 25. Kb1 Kb7 26. Rc1 g5 27. Ncd1 gxf4
28. exf4 Nf5 29. Ng4 Qg7 30. c3 Rg8 31. Qe1 Be7 32. Ne5 Ng6 33. c4 b4 34. Nxg6
Qxg6 35. c5 a5 36. a3 Bh4 37. Qd2 Ng3 38. axb4 e3+ 0-1

[Event "ch-city  open-A"]
[Site "Warszawa"]
[Date "2011.05.14"]
[Round "8.15"]
[White "Pastuszko, Kinga"]
[Black "Eggink, Mateusz"]
[Result "0-1"]
[WhiteElo "1862"]
[BlackElo "1973"]
[PlyCount "90"]
[EventDate "2011.05.07"]

1. e4 c5 2. Nf3 d6 3. d4 cxd4 4. Nxd4 Nf6 5. Nc3 a6 6. f4 e6 7. Be3 b5 8. a3
Bb7 9. Bd3 Be7 10. O-O Nbd7 11. Qf3 Nc5 12. Rae1 Qc7 13. Bf2 O-O 14. Qg3 Rad8
15. h3 Bc8 16. Kh1 Rfe8 17. Bg1 Bf8 18. Nf3 e5 19. Bxc5 Qxc5 20. fxe5 dxe5 21.
Ng5 Be7 22. Rd1 h6 23. Nf3 Nh5 24. Qf2 Qxf2 25. Rxf2 Bc5 26. Rfd2 b4 27. axb4
Bxb4 28. Bc4 Rxd2 29. Nxd2 Bb7 30. Kh2 Bxc3 31. bxc3 Rd8 32. Bd3 Nf4 33. Nf3
Nxd3 34. cxd3 Bxe4 35. Nxe5 f6 36. Ng4 Rxd3 37. Rxd3 Bxd3 38. Nf2 Bc2 39. Ng4
a5 40. Ne3 Bb3 41. c4 a4 42. Nd5 Bxc4 43. Ne3 Bb3 44. Nf1 a3 45. Nd2 Bc2 0-1

[Event "ch-city  open-A"]
[Site "Warszawa"]
[Date "2011.05.15"]
[Round "9.2"]
[White "Grabarczyk, Miroslaw"]
[Black "Kukawski, Maciej"]
[Result "1/2-1/2"]
[WhiteElo "2445"]
[BlackElo "2328"]
[PlyCount "32"]
[EventDate "2011.05.07"]

1. d4 d5 2. c4 e6 3. Nf3 c6 4. Qc2 dxc4 5. Qxc4 Nf6 6. Qc2 b5 7. Nbd2 Qb6 8. e3
Nbd7 9. a4 a6 10. Be2 Bb7 11. O-O c5 12. axb5 axb5 13. Rxa8+ Bxa8 14. dxc5 Bxc5
15. b4 Bxb4 16. Qc8+ Qd8 $11 1/2-1/2

[Event "ch-city  open-A"]
[Site "Warszawa"]
[Date "2011.05.15"]
[Round "9.3"]
[White "Przedmojski, Rafal"]
[Black "Deszczynski, Adam"]
[Result "1-0"]
[WhiteElo "2370"]
[BlackElo "2366"]
[PlyCount "95"]
[EventDate "2011.05.07"]

1. d4 Nf6 2. c4 e6 3. Nf3 c5 4. g3 cxd4 5. Nxd4 d5 6. Bg2 e5 7. Nf3 d4 8. O-O
Nc6 9. e3 Bc5 10. exd4 exd4 11. Nbd2 O-O 12. Nb3 Qb6 13. Re1 Bf5 14. Bg5 Rfe8
15. Bxf6 gxf6 16. Nh4 Bg6 17. Qf3 Ne5 18. Qxb7 Rab8 19. Qxb6 axb6 20. Nxg6 hxg6
21. Nxc5 bxc5 22. b3 Nd3 23. Rxe8+ Rxe8 24. Bf3 Ne1 25. Bc6 Re7 26. Rd1 Nc2 27.
Bf3 Ra7 28. a4 Re7 29. Kf1 Kf8 30. Rc1 d3 31. Rd1 Nb4 32. Rd2 f5 33. Bg2 Nc2
34. f4 Re1+ 35. Kf2 Rb1 36. Rxd3 Nd4 37. a5 Rb2+ 38. Kf1 Rb1+ 39. Kf2 Rb2+ 40.
Kg1 Rb1+ 41. Bf1 Ra1 42. b4 Nc6 43. b5 Nxa5 44. Rd8+ Ke7 45. Ra8 Kd6 46. Ra7
Nb3 47. Rxa1 Nxa1 48. Bg2 1-0

[Event "ch-city  open-A"]
[Site "Warszawa"]
[Date "2011.05.15"]
[Round "9.4"]
[White "Nguyen, Piotr"]
[Black "Strzemiecki, Zbigniew"]
[Result "1/2-1/2"]
[WhiteElo "2397"]
[BlackElo "2422"]
[PlyCount "111"]
[EventDate "2011.05.07"]

1. e4 e6 2. d4 d5 3. Nc3 Nf6 4. e5 Nfd7 5. f4 c5 6. Nf3 Nc6 7. Be3 a6 8. Qd2 b5
9. Nd1 Qb6 10. c3 cxd4 11. Nxd4 Nxd4 12. Bxd4 Qc7 13. b4 Be7 14. Bd3 Nb6 15.
Ne3 Nc4 16. Nxc4 dxc4 17. Be4 Bb7 18. Qe3 O-O 19. a4 Qd7 20. axb5 axb5 21. O-O
Ra4 22. Rad1 Qc8 23. f5 exf5 24. Rxf5 Ra6 25. Rdf1 Qa8 26. Bxb7 Qxb7 27. Qf2
Bd8 28. h3 Rg6 29. Bc5 Bb6 30. Bxb6 Rxb6 31. Qd4 Rg6 32. R1f2 h6 33. Rd2 Ra8
34. Rdf2 Rf8 35. Kh2 Qc6 36. Qa7 Qd5 $11 37. Qc7 Qe4 38. Qd7 Qe3 39. R2f3 Qe2
40. Rf2 Qe3 41. Qxb5 Qg3+ 42. Kh1 Qxc3 43. Qd5 Qd3 44. Qb7 c3 45. Rxf7 Qb1+ 46.
Kh2 Rxf7 47. Qxf7+ Kh7 48. Qc4 Qe1 49. Qf4 Qb1 50. Qc4 Qe1 51. Qf4 Qb1 52. h4
c2 53. Rf1 Qd1 54. e6 Qe2 55. Qf2 Qxe6 56. Qxc2 1/2-1/2

[Event "ch-city  open-A"]
[Site "Warszawa"]
[Date "2011.05.15"]
[Round "9.5"]
[White "Nowicki, Bartosz"]
[Black "Adamski, Andrzej"]
[Result "0-1"]
[WhiteElo "2138"]
[BlackElo "2270"]
[PlyCount "52"]
[EventDate "2011.05.07"]

1. e4 e5 2. f4 exf4 3. Bc4 Nf6 4. Nc3 Nc6 5. Nf3 Na5 6. Be2 d5 7. e5 Ne4 8. d3
Nxc3 9. bxc3 g5 10. h4 g4 11. Ng1 h5 12. Bxf4 d4 13. Qd2 dxc3 14. Qxc3 Nc6 15.
Kf1 Be6 16. Rb1 Qd5 17. Rxb7 O-O-O 18. Rb1 Bc5 19. Rb5 Qd4 20. Rxc5 Qxf4+ 21.
Nf3 gxf3 22. Bxf3 Bg4 23. Rxc6 Bxf3 24. Rxc7+ Kb8 25. Rc4 Bxg2+ 26. Kg1 Qf1+
0-1

[Event "ch-city  open-A"]
[Site "Warszawa"]
[Date "2011.05.15"]
[Round "9.6"]
[White "Alvarado, Carlos"]
[Black "Olejarczyk, Bogdan"]
[Result "1-0"]
[WhiteElo "2203"]
[BlackElo "2120"]
[PlyCount "79"]
[EventDate "2011.05.07"]

1. d4 d5 2. Nf3 Nf6 3. c4 c6 4. e3 Bf5 5. Nc3 a6 6. Qb3 b5 7. c5 Nbd7 8. a4 g6
9. Qa3 b4 10. Qxb4 Rb8 11. Qa3 a5 12. Be2 Bg7 13. O-O O-O 14. Bd2 Ne4 15. Be1
Re8 16. Nxe4 Bxe4 17. Nd2 e5 18. Nxe4 dxe4 19. Bc3 exd4 20. exd4 Nf6 21. Qa2
Qc7 22. Rae1 Nd5 23. Bc4 Rbd8 24. Qb1 f5 25. f3 e3 26. g3 f4 27. Kg2 Kh8 28.
Re2 Rd7 29. Qe1 Nxc3 30. bxc3 Qb8 31. gxf4 Qxf4 32. Qg3 Bh6 33. Qxf4 Bxf4 34.
Rb1 Bc7 35. Bd3 Bf4 36. Be4 Rc7 37. Rb6 Re6 38. Reb2 g5 39. h3 h5 40. d5 1-0